| 000 | 00895nac a22002291u 4500 | ||
|---|---|---|---|
| 010 | _a68019801 | ||
| 082 | 0 | 0 |
_a621.381520153972 _bV949 |
| 090 |
_c1773 _d1773 |
||
| 100 | _a20080729 | ||
| 245 | 1 | 0 |
_aRadiation effects in semiconductors; _bproceedings. _cEdited by Frederick L. Vook. |
| 260 |
_aNew York, _bPlenum Press, _c1968. |
||
| 300 |
_axi, 487 p. _billus. _c27 cm. |
||
| 500 | _aSponsored by Sandia Laboratory. | ||
| 500 | _aDonations | ||
| 500 | _aDonations - Dr. Mostafa Gouda | ||
| 504 | _aIncludes bibliographies. | ||
| 650 | 0 |
_aSemiconductors _xEffect of radiation on _xCongresses. |
|
| 700 | 1 |
_aVook, Frederick L. _q(Frederick Ludwig), _d1931- |
|
| 710 | 2 | _aSandia Laboratory. | |
| 942 |
_cBB _k621.381520153972V949 |
||
| 999 |
_c1773 _d1773 |
||